Ego is the Enemy (Record no. 12232)

MARC details
000 -LEADER
fixed length control field 00331nam a22001457a 4500
003 - CONTROL NUMBER IDENTIFIER
control field OSt
008 - FIXED-LENGTH DATA ELEMENTS--GENERAL INFORMATION
fixed length control field 240223b |||||||| |||| 00| 0 eng d
020 ## - INTERNATIONAL STANDARD BOOK NUMBER
International Standard Book Number 9781781257012
100 ## - MAIN ENTRY--PERSONAL NAME
Personal name HOLIDAY,Ryan
245 ## - TITLE STATEMENT
Title Ego is the Enemy
250 ## - EDITION STATEMENT
Edition statement 1st Ed
260 ## - PUBLICATION, DISTRIBUTION, ETC. (IMPRINT)
Place of publication, distribution, etc London
Name of publisher, distributor, etc Profile Books Ltd
Date of publication, distribution, etc 2016
300 ## - PHYSICAL DESCRIPTION
Extent 226
942 ## - ADDED ENTRY ELEMENTS (KOHA)
Source of classification or shelving scheme Dewey Decimal Classification
Koha item type Text Books
Holdings
Withdrawn status Lost status Source of classification or shelving scheme Damaged status Not for loan Collection code Home library Current library Date acquired Source of acquisition Currency Cost, normal purchase price Bill Number Total Checkouts Full call number Acc. no. / Barcode Date last seen Actual Cost, discounted price Bill Date Koha item type Date last borrowed
    Dewey Decimal Classification     GENERAL PIET C-LIBRARY PIET C-LIBRARY 08/02/2024 Zafaa Books and Distributors In rupees 599.00 ZBD0370   158.1 HOE 35509 23/02/2024 401.33 08/02/2024 Reference Books  
    Dewey Decimal Classification     GENERAL PIET C-LIBRARY PIET C-LIBRARY 08/02/2024 Zafaa Books and Distributors In rupees 599.00 ZBD0370 2 158.1 HOE 35510 04/10/2024 401.33 08/02/2024 Text Books 19/09/2024

Design & Developed by: PIET Central Library
R70 Miles Stone Pattikalyana Samalkha Panipat 132102
mail ID :- [email protected], Phone No:- 0180-2569700 Ex.216